[Event "Szolnok Agora op 2nd"]
[Site "Szolnok"]
[Date "2023.07.01"]
[Round "5"]
[White "Molnar, Lidia Emilia"]
[Black "Hideg, Ferenc Bendeguz"]
[Result "1/2-1/2"]
[WhiteElo "1488"]
[BlackElo "1799"]
[PlyCount "150"]
[EventDate "2023.06.29"]
[EventType "swiss"]
[EventRounds "7"]
[EventCountry "HUN"]
[SourceTitle "EXT 2024"]
[Source "ChessBase"]
[SourceDate "2023.10.10"]
[SourceVersion "1"]
[SourceVersionDate "2023.10.10"]
[SourceQuality "1"]

1. d4 d5 2. Bf4 Nf6 3. e3 c5 4. c3 Nc6 5. Nd2 Qb6 6. Qc2 g6 7. dxc5 Qxc5 8. Qb3 e5 9. Bg3 Bg7 10. Be2 0-0 11. Ngf3 Nh5 12. Rc1 Nxg3 13. hxg3 Re8 14. 0-0 b6 15. e4 dxe4 16. Nxe4 Qe7 17. Rfd1 Na5 18. Qc2 Be6 19. b4 Nb7 20. Ba6 Red8 21. c4 Bf5 22. Nh4 Bg4 23. Rxd8+ Rxd8 24. c5 bxc5 25. Nxc5 Nd6 26. Be2 Bc8 27. Nf3 Nf5 28. Rd1 Nd4 29. Nxd4 exd4 30. Bd3 Qc7 31. Re1 Bf8 32. Qc1 Qb6 33. a3 a5 34. Qc4 Bxc5 35. Qxc5 Qxc5 36. bxc5 Bd7 37. Rc1 Bc6 38. Rb1 Rc8 39. Ba6 Rc7 40. Rd1 Rd7 41. Kf1 Kg7 42. f3 Kf6 43. Ke2 Ke5 44. Kd3 Bb7 45. Bc4 Bc6 46. Re1+ Kf6 47. Rh1 h5 48. Rh4 Ke5 49. g4 hxg4 50. Rxg4 Bb7 51. Rg5+ Kf6 52. Rg4 Ke5 53. Bb5 Rc7 54. c6 Bxc6 55. Bxc6 Rxc6 56. Re4+ Kf5 57. Rxd4 f6 58. Rd5+ Kf4 59. Rxa5 Kg3 60. Ke3 Re6+ 61. Kd3 Kxg2 62. f4 Kf3 63. f5 Rd6+ 64. Kc4 g5 65. Ra8 g4 66. Kc5 Rd3 67. Rf8 Rxa3 68. Rxf6 Kf2 69. Rg6 g3 70. f6 g2 71. Rxg2+ Kxg2 72. Kd6 Ra7 73. Ke6 Kg3 74. f7 Ra8 75. Ke7 Kg4 1/2-1/2

[Event "Szolnok Agora op 2nd"]
[Site "Szolnok"]
[Date "2023.06.30"]
[Round "4"]
[White "Panda, Barnabas"]
[Black "Molnar, Lidia Emilia"]
[Result "1-0"]
[WhiteElo "1871"]
[BlackElo "1488"]
[PlyCount "65"]
[EventDate "2023.06.29"]
[EventType "swiss"]
[EventRounds "7"]
[EventCountry "HUN"]
[SourceTitle "EXT 2024"]
[Source "ChessBase"]
[SourceDate "2023.10.10"]
[SourceVersion "1"]
[SourceVersionDate "2023.10.10"]
[SourceQuality "1"]

1. c4 c6 2. d4 d5 3. Nf3 Nf6 4. Nc3 dxc4 5. a4 Bf5 6. e3 e6 7. Bxc4 Bb4 8. 0-0 0-0 9. Qe2 Bg6 10. Ne5 Bh5 11. Qc2 Nbd7 12. Nxd7 Qxd7 13. Bd2 Qe7 14. Ne2 Bd6 15. Bd3 Bxh2+ 16. Kxh2 Ng4+ 17. Kg3 Qd6+ 18. f4 f5 19. Rac1 Rf6 20. Qc5 Qd8 21. e4 Qe8 22. Rh1 Qg6 23. Qc3 Ne3+ 24. Kf2 Qxg2+ 25. Ke1 Ng4 26. Rxh5 fxe4 27. Bb1 Qf2+ 28. Kd1 Qf1+ 29. Be1 Nf2+ 30. Kd2 e3+ 31. Qxe3 Ng4 32. Qg3 Rg6 33. Bxg6 1-0

[Event "Szolnok Agora op 2nd"]
[Site "Szolnok"]
[Date "2023.06.29"]
[Round "1"]
[White "To, Nhat Minh"]
[Black "Molnar, Lidia Emilia"]
[Result "1-0"]
[WhiteElo "2355"]
[BlackElo "1488"]
[PlyCount "47"]
[EventDate "2023.06.29"]
[EventType "swiss"]
[EventRounds "7"]
[EventCountry "HUN"]
[SourceTitle "EXT 2024"]
[Source "ChessBase"]
[SourceDate "2023.10.10"]
[SourceVersion "1"]
[SourceVersionDate "2023.10.10"]
[SourceQuality "1"]

1. c4 c6 2. Nf3 d5 3. e3 Nf6 4. Nc3 e6 5. d4 Be7 6. Bd3 dxc4 7. Bxc4 b5 8. Bd3 Bb7 9. 0-0 0-0 10. e4 b4 11. Na4 Nbd7 12. e5 Nd5 13. Bd2 f6 14. exf6 Bxf6 15. Re1 Re8 16. Qc2 h6 17. Re2 Qc7 18. Rae1 e5 19. Bc4 c5 20. Qb3 Qc6 21. dxc5 a5 22. Nd4 Nxc5 23. Nxc6 Nxb3 24. Bxd5+ 1-0

[Event "HUN-chT U18"]
[Site "Budapest"]
[Date "2022.11.03"]
[Round "6.6"]
[White "Molnar, Lidia Emilia"]
[Black "Hangyal, Dora"]
[Result "1-0"]
[WhiteElo "1619"]
[BlackElo "1241"]
[PlyCount "83"]
[EventDate "2022.10.31"]
[EventType "team-swiss"]
[EventRounds "7"]
[EventCountry "HUN"]
[SourceTitle "CBM 211 Extra"]
[Source "ChessBase"]
[SourceDate "2023.01.31"]
[SourceVersion "1"]
[SourceVersionDate "2023.01.31"]
[SourceQuality "1"]
[WhiteTeam "Kekesi SE"]
[BlackTeam "TFSE"]
[WhiteTeamCountry "HUN"]
[BlackTeamCountry "HUN"]

1. d4 d5 2. Bf4 c6 3. e3 Nf6 4. Bd3 Nbd7 5. Nf3 e6 6. h3 c5 7. c3 Be7 8. Nbd2 b6 9. Qe2 Bb7 10. Rd1 c4 11. Bc2 a6 12. e4 Nf8 13. Bh2 Ng6 14. 0-0 0-0 15. e5 Nd7 16. Ne1 Qe8 17. f4 f5 18. exf6 Rxf6 19. f5 exf5 20. Rxf5 Ndf8 21. Nef3 Qd7 22. Rxf6 Bxf6 23. Re1 Bc6 24. Qf2 Ne6 25. Bf5 Re8 26. Ne5 Nxe5 27. Bxe5 Qf7 28. Bxf6 Qxf6 29. Bxe6+ Rxe6 30. Qf1 Qxf1+ 31. Kxf1 Bd7 32. Nf3 Rxe1+ 33. Kxe1 b5 34. Ne5 Bf5 35. a3 Be4 36. Kf2 g6 37. Nd7 Bf5 38. Nf6+ Kg7 39. Nxd5 Kf7 40. a4 Bd7 41. Nc7 Bc8 42. axb5 1-0

[Event "HUN-chT U18"]
[Site "Budapest"]
[Date "2022.11.01"]
[Round "2.6"]
[White "Toth, Lili1111"]
[Black "Molnar, Lidia Emilia"]
[Result "1-0"]
[WhiteElo "1907"]
[BlackElo "1619"]
[PlyCount "68"]
[EventDate "2022.10.31"]
[EventType "team-swiss"]
[EventRounds "7"]
[EventCountry "HUN"]
[SourceTitle "CBM 211 Extra"]
[Source "ChessBase"]
[SourceDate "2023.01.31"]
[SourceVersion "1"]
[SourceVersionDate "2023.01.31"]
[SourceQuality "1"]
[WhiteTeam "Budapest MTK"]
[BlackTeam "Kekesi SE"]
[WhiteTeamCountry "HUN"]
[BlackTeamCountry "HUN"]

1. d4 d5 2. c4 c6 3. cxd5 cxd5 4. Nc3 Nf6 5. Bf4 Nc6 6. e3 a6 7. Be2 e6 8. Rc1 Bd6 9. Bxd6 Qxd6 10. f4 Qb4 11. Nf3 0-0 12. 0-0 Qxb2 13. Na4 Qa3 14. Bd3 Qe7 15. Nb6 Rb8 16. Bxa6 Nxd4 17. Qxd4 bxa6 18. Ne5 Qa7 19. Nxc8 Qb7 20. Nd6 Qe7 21. Rc6 Nd7 22. Rc7 Qxd6 23. Rxd7 Qa3 24. f5 exf5 25. Rxd5 Qxa2 26. Nd3 Rbc8 27. Nb4 Qa3 28. Rdxf5 Rcd8 29. Qf4 g6 30. Rxf7 Rfe8 31. Qf6 Qxe3+ 32. Kh1 Qe5 33. Qxe5 Rxe5 34. Nc6 a5 1-0

[Event "HUN-chT U18"]
[Site "Budapest"]
[Date "2021.10.25"]
[Round "3.30"]
[White "Molnar, Lidia Emilia"]
[Black "Toth, Timea2222"]
[Result "1-0"]
[WhiteElo "1348"]
[BlackElo "1964"]
[PlyCount "111"]
[EventDate "2021.10.24"]
[EventType "team-tourn"]
[EventRounds "7"]
[EventCountry "HUN"]
[SourceTitle "CBM 205 Extra"]
[Source "ChessBase"]
[SourceDate "2022.01.31"]
[SourceVersion "1"]
[SourceVersionDate "2022.01.31"]
[SourceQuality "1"]

1. d4 Nf6 2. Nf3 g6 3. g3 Bg7 4. Bg2 0-0 5. 0-0 d6 6. b3 c5 7. Bb2 Bd7 8. c4 cxd4 9. Nxd4 Nc6 10. e3 Qc8 11. Nd2 Bh3 12. Rc1 Bxg2 13. Kxg2 Nxd4 14. exd4 b6 15. Qe2 Qb7+ 16. Qf3 Qxf3+ 17. Nxf3 Nd7 18. Rfe1 Rfe8 19. Rcd1 Rad8 20. Ba3 a5 21. Re2 Nb8 22. Rde1 Rd7 23. Bb2 Nc6 24. a3 e5 25. g4 Rde7 26. d5 Nb8 27. Nd4 Kf8 28. Nb5 Rd8 29. g5 Na6 30. f4 Nc5 31. Re3 e4 32. Bxg7+ Kxg7 33. b4 axb4 34. axb4 Na6 35. Rxe4 Rxe4 36. Rxe4 Nxb4 37. Re7 Nd3 38. Kg3 Nc5 39. Rc7 Kf8 40. Rc6 Na4 41. Nxd6 Ke7 42. Nc8+ Ke8 43. Nxb6 Nxb6 44. Rxb6 Rc8 45. Rb4 Kd7 46. Kf3 Kd6 47. Ke4 Kc5 48. Ra4 Re8+ 49. Kd3 Re1 50. Ra5+ Kd6 51. Ra6+ Kc5 52. Rc6+ Kb4 53. d6 Rd1+ 54. Ke4 Re1+ 55. Kd5 Rd1+ 56. Ke5 1-0

[Event "Budapest Rakosmente op 19th"]
[Site "Budapest"]
[Date "2021.07.03"]
[Round "4"]
[White "Horvath, Andras2222"]
[Black "Molnar, Lidia Emilia"]
[Result "1-0"]
[WhiteElo "1222"]
[BlackElo "1394"]
[PlyCount "83"]
[EventDate "2021.07.01"]
[EventType "swiss"]
[EventRounds "6"]
[EventCountry "HUN"]
[SourceTitle "CBM 203 Extra"]
[Source "ChessBase"]
[SourceDate "2021.09.30"]
[SourceVersion "1"]
[SourceVersionDate "2021.09.30"]
[SourceQuality "1"]

1. e4 c5 2. d4 cxd4 3. c3 dxc3 4. Nxc3 e6 5. Bc4 a6 6. Nf3 Nc6 7. 0-0 Nge7 8. Qe2 Ng6 9. Rd1 Be7 10. Be3 Rb8 11. Nd4 Nxd4 12. Bxd4 0-0 13. Rac1 b5 14. Bb3 Bb7 15. Rc2 Bc6 16. a3 Qa5 17. Na2 Rfc8 18. Bc3 Qb6 19. Nb4 Rd8 20. Bd4 Qb7 21. f3 Rbc8 22. Nd3 Nf8 23. Nc5 Bxc5 24. Bxc5 d5 25. e5 Nd7 26. Bb4 a5 27. Bd6 b4 28. a4 Nb6 29. Ra1 Qd7 30. Qa6 Qb7 31. Qxa5 Ra8 32. Qxb4 Nc8 33. Qxb7 Bxb7 34. Bc7 Rd7 35. a5 Ba6 36. Ba4 Re7 37. Rac1 h6 38. b4 Bc4 39. Bd8 Rea7 40. b5 Kh7 41. b6 Nxb6 42. Bxb6 1-0

[Event "HUN-ch U18 Girls"]
[Site "Budapest"]
[Date "2020.10.27"]
[Round "6"]
[White "Molnar, Lidia Emilia"]
[Black "Vida, Greta"]
[Result "1/2-1/2"]
[WhiteElo "1401"]
[BlackElo "1458"]
[PlyCount "30"]
[EventDate "2020.10.24"]
[EventType "tourn"]
[EventRounds "10"]
[EventCountry "HUN"]
[SourceTitle "CBM 199 Extra"]
[Source "ChessBase"]
[SourceDate "2021.01.31"]
[SourceVersion "1"]
[SourceVersionDate "2021.01.31"]
[SourceQuality "1"]

1. d4 d5 2. Bf4 Nf6 3. e3 Bf5 4. c4 c6 5. Qb3 Qc8 6. Nc3 e6 7. Nf3 Nbd7 8. Be2 Be7 9. 0-0 0-0 10. Ne5 Ne4 11. Rfc1 Ndf6 12. cxd5 exd5 13. h3 Nxc3 14. bxc3 c5 15. Qd1 c4 1/2-1/2